[Event "MVP-ch Seniors op 19th"]
[Site "Ostseebad Binz"]
[Date "2019.12.04"]
[Round "8"]
[White "Hochgraefe, Hans Juergen"]
[Black "Meyer, Irmin"]
[Result "1/2-1/2"]
[WhiteElo "1911"]
[BlackElo "1970"]
[PlyCount "27"]
[EventDate "2019.11.27"]
[EventType "swiss"]
[EventRounds "9"]
[EventCountry "GER"]
[SourceTitle "EXT 2021"]
[Source "ChessBase"]
[SourceDate "2020.10.23"]
[SourceVersion "1"]
[SourceVersionDate "2020.10.23"]
[SourceQuality "1"]

1. d4 Nf6 2. Nf3 e6 3. c3 c5 4. e3 Nc6 5. Nbd2 d5 6. Bd3 Bd6 7. h3 Qc7 8. 0-0 0-0 9. a3 Re8 10. b4 b6 11. Bb2 a6 12. Rc1 Bb7 13. bxc5 bxc5 14. c4 1/2-1/2

[Event "MVP-ch Seniors op 19th"]
[Site "Ostseebad Binz"]
[Date "2019.11.30"]
[Round "4"]
[White "Hochgraefe, Hans Juergen"]
[Black "Walther, Reinhard"]
[Result "1-0"]
[WhiteElo "1911"]
[BlackElo "2012"]
[PlyCount "95"]
[EventDate "2019.11.27"]
[EventType "swiss"]
[EventRounds "9"]
[EventCountry "GER"]
[SourceTitle "EXT 2021"]
[Source "ChessBase"]
[SourceDate "2020.10.23"]
[SourceVersion "1"]
[SourceVersionDate "2020.10.23"]
[SourceQuality "1"]

1. d4 d5 2. Nf3 Nf6 3. Bf4 c5 4. e3 Nc6 5. c3 Qb6 6. Qb3 c4 7. Qxb6 axb6 8. Nbd2 b5 9. Be2 e6 10. 0-0 Be7 11. Ne5 Nd7 12. Nxd7 Bxd7 13. e4 0-0 14. Bf3 dxe4 15. Nxe4 Ra7 16. Bd6 Bxd6 17. Nxd6 Rfa8 18. a3 Nd8 19. Rad1 Kf8 20. Ne4 Bc6 21. Rfe1 Ra6 22. Re3 Bd5 23. Rde1 Bxe4 24. Bxe4 Rd6 25. f4 g6 26. Kf2 Kg7 27. h3 h5 28. g4 Nc6 29. gxh5 gxh5 30. Rg3+ Kf6 31. Rg5 b4 32. Bxc6 bxc6 33. axb4 Ra2 34. Re2 Rd5 35. Rg2 Rf5 36. Kf3 Ra8 37. Re5 Ra2 38. Rg5 Rxb2 39. Rgxf5+ exf5 40. Rc5 Rd2 41. Rxc6+ Kg7 42. Rxc4 Rd3+ 43. Kf2 Rxh3 44. b5 Rh4 45. d5 Rh2+ 46. Kg3 Rd2 47. b6 Rxd5 48. b7 1-0

[Event "Mecklenburg VP LL2 West 1819"]
[Site "Mecklenburg VP"]
[Date "2019.02.24"]
[Round "6.3"]
[White "Hopp, Peter"]
[Black "Hochgraefe, Hans Juergen"]
[Result "1/2-1/2"]
[WhiteElo "1838"]
[BlackElo "1926"]
[PlyCount "27"]
[EventDate "2018.10.21"]
[EventType "team-tourn"]
[EventRounds "9"]
[EventCountry "GER"]
[SourceTitle "EXT 2022"]
[Source "ChessBase"]
[SourceDate "2021.10.06"]
[SourceVersion "1"]
[SourceVersionDate "2021.10.06"]
[SourceQuality "1"]
[WhiteTeam "Mecklenburger Springer SC"]
[BlackTeam "Rostock SSC 07 II"]
[WhiteTeamCountry "GER"]
[BlackTeamCountry "GER"]

1. e4 c5 2. Nf3 d6 3. d4 cxd4 4. Nxd4 Nf6 5. Nc3 g6 6. Be2 Bg7 7. Be3 Nc6 8. Qd2 a6 9. f3 Bd7 10. a3 Rc8 11. Rd1 Ne5 12. 0-0 Nc4 13. Bxc4 Rxc4 14. Qf2 1/2-1/2

[Event "Mecklenburg VP LL2 Ost 1718"]
[Site "Mecklenburg VP"]
[Date "2018.01.21"]
[Round "5.4"]
[White "Hochgraefe, Hans Juergen"]
[Black "Onasch, Gunnar"]
[Result "1/2-1/2"]
[WhiteElo "1759"]
[BlackElo "1804"]
[PlyCount "20"]
[EventDate "2017.10.08"]
[EventType "team-tourn"]
[EventRounds "9"]
[EventCountry "GER"]
[SourceTitle "EXT 2022"]
[Source "ChessBase"]
[SourceDate "2021.10.06"]
[SourceVersion "1"]
[SourceVersionDate "2021.10.06"]
[SourceQuality "1"]
[WhiteTeam "Rostock SSC 07 II"]
[BlackTeam "Waterkant Saal SV"]
[WhiteTeamCountry "GER"]
[BlackTeamCountry "GER"]

1. d4 Nf6 2. Nf3 c5 3. e3 e6 4. Bd3 d5 5. c3 b6 6. Nbd2 Be7 7. Ne5 0-0 8. f4 Bb7 9. Qf3 Nbd7 10. g4 Nxe5 1/2-1/2

[Event "Mecklenburg VP LL2 Ost 1718"]
[Site "Mecklenburg VP"]
[Date "2017.10.08"]
[Round "1.2"]
[White "Floegel, Thomas"]
[Black "Hochgraefe, Hans Juergen"]
[Result "0-1"]
[WhiteElo "1685"]
[BlackElo "1759"]
[PlyCount "122"]
[EventDate "2017.10.08"]
[EventType "team-tourn"]
[EventRounds "9"]
[EventCountry "GER"]
[SourceTitle "EXT 2022"]
[Source "ChessBase"]
[SourceDate "2021.10.06"]
[SourceVersion "1"]
[SourceVersionDate "2021.10.06"]
[SourceQuality "1"]
[WhiteTeam "Ribnitz Damgarten"]
[BlackTeam "Rostock SSC 07 II"]
[WhiteTeamCountry "GER"]
[BlackTeamCountry "GER"]

1. d4 Nf6 2. c4 e6 3. a3 d5 4. e3 c6 5. Nf3 Bd6 6. Nbd2 Ne4 7. Nxe4 dxe4 8. Nd2 f5 9. Be2 0-0 10. 0-0 Nd7 11. b4 Qh4 12. f4 g5 13. c5 Bc7 14. Nc4 gxf4 15. exf4 Nf6 16. Ne5 Nd5 17. Bd2 Rf6 18. Be1 Qh6 19. Qb3 Nxf4 20. Qg3+ Ng6 21. Ra2 Qg7 22. Bc3 Nxe5 23. Qxg7+ Kxg7 24. dxe5 Rf8 25. Rd2 Rd8 26. Rfd1 Rxd2 27. Rxd2 Kf8 28. g3 Ke7 29. Kf2 Bd7 30. Ke3 a5 31. Kf4 h6 32. Bc4 axb4 33. axb4 Ra3 34. Rc2 b6 35. Be2 Bd8 36. Bd4 b5 37. h4 Rb3 38. Rb2 Ra3 39. Rb1 Be8 40. Rb2 Kd7 41. Rb1 Bg6 42. Rb2 Ke8 43. Rb1 Kf7 44. Rb2 Be7 45. Rb1 Kg7 46. Ra1 Rxa1 47. Bxa1 Bf7 48. g4 Bg6 49. h5 Bg5+ 50. Kg3 f4+ 51. Kf2 Bh7 52. Bd4 f3 53. Bf1 Bh4+ 54. Ke3 Kf7 55. Kd2 Bg3 56. Be3 Bxe5 57. Bxh6 Bd4 58. Be3 Bxe3+ 59. Kxe3 Kf6 60. g5+ Kxg5 61. Bh3 Bf5 0-1

[Event "MVP-ch Seniors op 16th"]
[Site "Binz"]
[Date "2016.11.23"]
[Round "1.42"]
[White "Hochgraefe, Hans Juergen"]
[Black "Glawe, Hartmut"]
[Result "1-0"]
[WhiteElo "1724"]
[BlackElo "1994"]
[PlyCount "97"]
[EventDate "2016.11.23"]
[EventType "swiss"]
[EventRounds "9"]
[EventCountry "GER"]
[SourceTitle "EXT 2018"]
[Source "ChessBase"]
[SourceDate "2017.10.13"]
[SourceVersion "1"]
[SourceVersionDate "2017.10.13"]
[SourceQuality "1"]

1. d4 Nf6 2. Nf3 e6 3. Bf4 d5 4. e3 c5 5. c3 Bd6 6. Bg3 0-0 7. Nbd2 Nc6 8. Bd3 b6 9. Ne5 Bb7 10. f4 Ne7 11. Qf3 Nf5 12. Bf2 Be7 13. g4 Nd6 14. 0-0-0 Nfe4 15. Qg2 f6 16. Nef3 c4 17. Bc2 b5 18. Nxe4 Nxe4 19. Nd2 f5 20. Be1 a5 21. Rg1 Rf7 22. Nf3 g6 23. h4 Rg7 24. gxf5 exf5 25. h5 Bf6 26. Qh3 Bc8 27. Ne5 g5 28. h6 g4 29. Qh5 Rc7 30. Rh1 b4 31. Bxe4 dxe4 32. Rh2 Qf8 33. Rc2 b3 34. axb3 cxb3 35. Rcd2 a4 36. Kb1 a3 37. bxa3 Rxa3 38. Rb2 Rca7 39. Kc1 Ra1+ 40. Kd2 R7a2 41. Rxa1 Rxb2+ 42. Kd1 Ra2 43. Rb1 b2 44. Kc2 Be6 45. Rxb2 Qb8 46. Rxa2 Bxa2 47. Kd1 Qb1+ 48. Ke2 Bxe5 49. Qe8# 1-0

[Event "Mecklenburg VP LL2 Ost 1516"]
[Site "Mecklenburg VP"]
[Date "2015.11.15"]
[Round "3.6"]
[White "Klinger, Clemens"]
[Black "Hochgraefe, Hans Juergen"]
[Result "0-1"]
[WhiteElo "1550"]
[BlackElo "1751"]
[PlyCount "62"]
[EventDate "2015.09.20"]
[EventType "team-tourn"]
[EventRounds "9"]
[EventCountry "GER"]
[SourceTitle "EXT 2022"]
[Source "ChessBase"]
[SourceDate "2021.10.06"]
[SourceVersion "1"]
[SourceVersionDate "2021.10.06"]
[SourceQuality "1"]
[WhiteTeam "Stralsund FHSG II"]
[BlackTeam "Rostock SSC 07 III"]
[WhiteTeamCountry "GER"]
[BlackTeamCountry "GER"]

1. e4 c5 2. f4 Nc6 3. Nf3 d6 4. d4 cxd4 5. Nxd4 Qb6 6. Nb3 Nf6 7. Nc3 e6 8. Bd2 Be7 9. Na4 Qc7 10. Bd3 a6 11. Be3 b5 12. Nc3 Bb7 13. Qe2 Nd7 14. f5 exf5 15. exf5 0-0 16. Nd5 Qd8 17. Nxe7+ Qxe7 18. 0-0-0 Rfe8 19. Rhe1 Nce5 20. Bf4 Rac8 21. Bxe5 Nxe5 22. Kb1 Qf6 23. Qf2 Rc7 24. Nd2 Rce7 25. Be4 d5 26. Bd3 Kf8 27. Nf3 Nxd3 28. Rxd3 Qxf5 29. Qd2 Qxf3 30. Rxe7 Qf1+ 31. Qd1 Qxd1+ 0-1

[Event "Mecklenburg VP LL2 Ost 1415"]
[Site "Mecklenburg VP"]
[Date "2015.04.26"]
[Round "9.4"]
[White "Hochgraefe, Hans Juergen"]
[Black "Buenz, Heinrich"]
[Result "1/2-1/2"]
[WhiteElo "1805"]
[BlackElo "1609"]
[PlyCount "25"]
[EventDate "2014.09.21"]
[EventType "team-tourn"]
[EventRounds "9"]
[EventCountry "GER"]
[SourceTitle "EXT 2022"]
[Source "ChessBase"]
[SourceDate "2021.10.06"]
[SourceVersion "1"]
[SourceVersionDate "2021.10.06"]
[SourceQuality "1"]
[WhiteTeam "Rostock SSC 07 III"]
[BlackTeam "Neubrandenburg SG Eintracht III"]
[WhiteTeamCountry "GER"]
[BlackTeamCountry "GER"]

1. d4 Nf6 2. Nf3 e6 3. Bg5 Be7 4. e3 b6 5. Bd3 Bb7 6. Nbd2 d6 7. Qe2 Nbd7 8. c3 Rc8 9. 0-0 0-0 10. Rad1 c5 11. e4 Re8 12. h3 Nh5 13. Be3 1/2-1/2

[Event "Mecklenburg VP LL2 West 1213"]
[Site "Mecklenburg VP"]
[Date "2013.02.24"]
[Round "6.5"]
[White "Goettsching, Holger"]
[Black "Hochgraefe, Hans Juergen"]
[Result "1/2-1/2"]
[WhiteElo "1729"]
[BlackElo "1817"]
[PlyCount "23"]
[EventDate "2012.10.14"]
[EventType "team-tourn"]
[EventRounds "9"]
[EventCountry "GER"]
[SourceTitle "EXT 2022"]
[Source "ChessBase"]
[SourceDate "2021.10.06"]
[SourceVersion "1"]
[SourceVersionDate "2021.10.06"]
[SourceQuality "1"]
[WhiteTeam "Schwerin SF IV"]
[BlackTeam "Rostock SSC 07 III"]
[WhiteTeamCountry "GER"]
[BlackTeamCountry "GER"]

1. e4 c5 2. Nf3 d6 3. d4 cxd4 4. Nxd4 Nf6 5. Nc3 g6 6. Be2 Bg7 7. Be3 0-0 8. 0-0 Nc6 9. f3 Bd7 10. Qd2 a6 11. a4 Rc8 12. Nxc6 1/2-1/2

[Event "Mecklenburg VP LL2 West 1213"]
[Site "Mecklenburg VP"]
[Date "2012.11.11"]
[Round "2.5"]
[White "Mamedow, Josef"]
[Black "Hochgraefe, Hans Juergen"]
[Result "0-1"]
[WhiteElo "1605"]
[BlackElo "1817"]
[PlyCount "126"]
[EventDate "2012.10.14"]
[EventType "team-tourn"]
[EventRounds "9"]
[EventCountry "GER"]
[SourceTitle "EXT 2022"]
[Source "ChessBase"]
[SourceDate "2021.10.06"]
[SourceVersion "1"]
[SourceVersionDate "2021.10.06"]
[SourceQuality "1"]
[WhiteTeam "Gadebusch"]
[BlackTeam "Rostock SSC 07 III"]
[WhiteTeamCountry "GER"]
[BlackTeamCountry "GER"]

1. d4 Nf6 2. Nf3 e6 3. g3 b6 4. Bg2 Bb7 5. 0-0 d5 6. Nbd2 Nbd7 7. c4 Bd6 8. b3 0-0 9. Bb2 Re8 10. Ne5 c5 11. e3 Qc7 12. f4 Rad8 13. Rc1 dxc4 14. Ndxc4 Bxg2 15. Kxg2 Be7 16. Qf3 Rc8 17. Rf2 b5 18. Nxd7 Nxd7 19. Ne5 f6 20. Nxd7 Qxd7 21. dxc5 Rxc5 22. Rd1 Qc6 23. Rfd2 Qxf3+ 24. Kxf3 Rc7 25. h4 Rec8 26. g4 Kf8 27. g5 a5 28. gxf6 gxf6 29. Bd4 Rc2 30. Bb6 a4 31. bxa4 bxa4 32. h5 Rxd2 33. Rxd2 Rb8 34. Bd4 Rb5 35. Kg4 Rb1 36. e4 Re1 37. e5 f5+ 38. Kg3 Rh1 39. Rh2 Rxh2 40. Kxh2 Kg7 41. Kh3 Kh6 42. Bf2 Kxh5 43. Be1 Bc5 44. Bd2 Kg6 45. Bc1 Be7 46. Bd2 Kf7 47. Be1 Ke8 48. Bh4 Bb4 49. Bg3 Kd7 50. Kh4 Bf8 51. Kg5 Bg7 52. Be1 Kc6 53. Bb4 Kd5 54. a3 Ke4 55. Bc5 h5 56. Kg6 Bh8 57. Kh7 Kxf4 58. Kxh8 h4 59. Bg1 Kg3 60. Kg7 h3 61. Kf6 Kg2 62. Kxe6 Kxg1 63. Kxf5 h2 0-1

[Event "Mecklenburg VP LL2 Ost 1112"]
[Site "Mecklenburg VP"]
[Date "2012.03.04"]
[Round "6.1"]
[White "Witkowski, Rainer"]
[Black "Hochgraefe, Hans Juergen"]
[Result "1/2-1/2"]
[WhiteElo "1879"]
[BlackElo "1848"]
[PlyCount "20"]
[EventDate "2011.10.02"]
[EventType "team-tourn"]
[EventRounds "9"]
[EventCountry "GER"]
[SourceTitle "EXT 2022"]
[Source "ChessBase"]
[SourceDate "2021.10.06"]
[SourceVersion "1"]
[SourceVersionDate "2021.10.06"]
[SourceQuality "1"]
[WhiteTeam "Neubrandenburg SG Eintracht II"]
[BlackTeam "Rostock SSC 07 III"]
[WhiteTeamCountry "GER"]
[BlackTeamCountry "GER"]

1. e4 c5 2. c3 Nc6 3. d4 cxd4 4. cxd4 d5 5. Nc3 dxe4 6. d5 Ne5 7. Qa4+ Bd7 8. Qxe4 Ng6 9. d6 Bc6 10. Bb5 Qxd6 1/2-1/2

[Event "Mecklenburg VP LL2 Ost 0910"]
[Site "Mecklenburg VP"]
[Date "2009.11.15"]
[Round "2.2"]
[White "Riebort, Frank"]
[Black "Hochgraefe, Hans Juergen"]
[Result "1-0"]
[WhiteElo "1956"]
[BlackElo "1889"]
[PlyCount "55"]
[EventDate "2009.10.18"]
[EventType "team-tourn"]
[EventRounds "9"]
[EventCountry "GER"]
[SourceTitle "EXT 2016"]
[Source "ChessBase"]
[SourceDate "2015.10.08"]
[SourceVersion "1"]
[SourceVersionDate "2015.10.08"]
[SourceQuality "1"]
[WhiteTeam "Wolgast Motor"]
[BlackTeam "Rostock SSC 07 III"]
[WhiteTeamCountry "GER"]
[BlackTeamCountry "GER"]

1. d4 Nf6 2. c4 e6 3. Nc3 Bb4 4. Bg5 c6 5. Qc2 d5 6. e3 Nbd7 7. Nf3 Qa5 8. Nd2 Ne4 9. Ndxe4 dxe4 10. Bf4 f5 11. a3 0-0 12. Be2 Nf6 13. 0-0 Bxc3 14. Qxc3 Qxc3 15. bxc3 b6 16. a4 Bd7 17. Rfb1 Rfc8 18. Rb3 Be8 19. Bd6 Bf7 20. a5 Nd7 21. axb6 axb6 22. Rba3 Rxa3 23. Rxa3 c5 24. f3 cxd4 25. exd4 e5 26. dxe5 Bxc4 27. Bxc4+ Rxc4 28. e6 1-0

[Event "Mecklenburg VP LL 0405"]
[Site "Mecklenburg VP"]
[Date "2004.11.28"]
[Round "3.6"]
[White "Hochgraefe, Hans Juergen"]
[Black "Rosin, Ralf"]
[Result "1/2-1/2"]
[WhiteElo "1939"]
[BlackElo "1710"]
[PlyCount "60"]
[EventDate "2004.10.24"]
[EventType "team"]
[EventRounds "9"]
[EventCountry "GER"]
[SourceTitle "EXT 2009"]
[Source "ChessBase"]
[SourceDate "2008.11.26"]
[SourceVersion "1"]
[SourceVersionDate "2008.11.26"]
[SourceQuality "1"]
[WhiteTeam "Rostock II"]
[BlackTeam "Pasewalk"]
[WhiteTeamCountry "GER"]
[BlackTeamCountry "GER"]

1. d4 e6 2. Nf3 f5 3. Bg5 Be7 4. Bxe7 Qxe7 5. c3 Nf6 6. Nbd2 0-0 7. e3 Ne4 8. Bd3 Nxd2 9. Nxd2 d5 10. 0-0 Bd7 11. Qe2 Be8 12. Rae1 Nd7 13. f3 Bh5 14. Qf2 c6 15. Qg3 Bg6 16. Qh3 Qg5 17. f4 Qe7 18. Nf3 Rf6 19. Ne5 Be8 20. Qh4 Nxe5 21. fxe5 Rf7 22. Qxe7 Rxe7 23. Be2 g5 24. g4 Bg6 25. Bd3 Rf8 26. Re2 Ref7 27. Ref2 Kg7 28. gxf5 Bxf5 29. Bxf5 Rxf5 30. Rxf5 Rxf5 1/2-1/2

[Event "Mecklenburg VP LL 0203"]
[Site "Mecklenburg VP"]
[Date "2003.02.09"]
[Round "6.8"]
[White "Hochgraefe, Hans Juergen"]
[Black "Korthase, Erwin"]
[Result "1-0"]
[WhiteElo "1930"]
[BlackElo "1276"]
[PlyCount "84"]
[EventDate "2002.10.20"]
[EventType "team-tourn"]
[EventRounds "9"]
[EventCountry "GER"]
[SourceTitle "EXT 2016"]
[Source "ChessBase"]
[SourceDate "2015.10.08"]
[SourceVersion "1"]
[SourceVersionDate "2015.10.08"]
[SourceQuality "1"]
[WhiteTeam "Rostock PSV"]
[BlackTeam "Torgelow"]
[WhiteTeamCountry "GER"]
[BlackTeamCountry "GER"]

1. d4 d5 2. Nf3 Nf6 3. Bg5 e6 4. e3 Be7 5. Bd3 h6 6. Bh4 0-0 7. Nbd2 c5 8. c3 c4 9. Bc2 b5 10. a3 Bb7 11. Ne5 Ne8 12. Bxe7 Qxe7 13. 0-0 Nd7 14. f4 Nxe5 15. fxe5 f6 16. Qf3 Nc7 17. Qg3 fxe5 18. dxe5 Rxf1+ 19. Rxf1 Rf8 20. Nf3 Qf7 21. Rd1 Bc6 22. Rd4 Be8 23. Rh4 Kh8 24. Bb1 a5 25. Qf2 Qe7 26. Qc2 g6 27. Rxh6+ Kg7 28. Rh3 Rh8 29. Rxh8 Kxh8 30. Qf2 Qg7 31. Qh4+ Kg8 32. Qg5 Kh7 33. Kf2 Qh6 34. Qe7+ Qg7 35. Qg5 Qh6 36. Qf6 Qg7 37. g4 Qh6 38. h4 Qg7 39. Kg3 Qxf6 40. exf6 Kh6 41. Kf4 Bf7 42. Ne5 Bg8 1-0

[Event "Mecklenburg VP LL 0203"]
[Site "Mecklenburg VP"]
[Date "2002.??.??"]
[Round "1.8"]
[White "Jungmichel, Dirk"]
[Black "Hochgraefe, Hans Juergen"]
[Result "1/2-1/2"]
[WhiteElo "1899"]
[BlackElo "1930"]
[PlyCount "24"]
[EventDate "2002.10.20"]
[EventType "team-tourn"]
[EventRounds "9"]
[EventCountry "GER"]
[SourceTitle "EXT 2016"]
[Source "ChessBase"]
[SourceDate "2015.10.08"]
[SourceVersion "1"]
[SourceVersionDate "2015.10.08"]
[SourceQuality "1"]
[WhiteTeam "Stralsund FHSG"]
[BlackTeam "Rostock PSV"]
[WhiteTeamCountry "GER"]
[BlackTeamCountry "GER"]

1. d4 Nf6 2. Nf3 e6 3. g3 b6 4. Bg2 Bb7 5. 0-0 d5 6. c4 Nbd7 7. cxd5 exd5 8. Nc3 Bb4 9. Bf4 0-0 10. Rc1 c6 11. Ne5 Re8 12. Nxd7 Qxd7 1/2-1/2